[Event "London CC-ch B"]
[Site "London CAN"]
[Date "2009.05.21"]
[Round "10"]
[White "Dandridge, Tony"]
[Black "Cheung, Frederick"]
[Result "0-1"]
[WhiteElo "1226"]
[BlackElo "1755"]
[PlyCount "104"]
[GameId "2160767910231513"]
[EventDate "2009.03.19"]
[EventType "swiss"]
[EventRounds "13"]
[EventCountry "CAN"]
[SourceTitle "EXT 2022"]
[Source "ChessBase"]
[SourceDate "2021.10.06"]
[SourceVersion "1"]
[SourceVersionDate "2021.10.06"]
[SourceQuality "1"]

1. e4 e5 2. Nf3 Nc6 3. Bb5 d6 4. Nc3 Bd7 5. O-O g6 6. d3 Nge7 7. Bg5 Bg7 8. Nd5 h6 9. Bxe7 Nxe7 10. Bxd7+ Qxd7 11. Nxe7 Qxe7 12. c4 f5 13. Qa4+ Qd7 14. Qxd7+ Kxd7 15. Nh4 fxe4 16. dxe4 g5 17. Nf5 Bf8 18. a4 c6 19. Rfd1 Ke6 20. b4 Rd8 21. Ne3 Be7 22. b5 h5 23. Nf5 Bf8 24. bxc6 bxc6 25. Rab1 d5 26. Rb7 Bc5 27. Ng7+ Kf6 28. cxd5 Rh7 29. Ne6 Rxb7 30. Nxd8 Rb2 31. Kf1 Rxf2+ 32. Ke1 cxd5 33. exd5 Rxg2 34. d6 Rg1+ 35. Ke2 Rxd1 36. Kxd1 Bxd6 37. Ke2 e4 38. Nc6 a6 39. Ke3 Kf5 40. Nd4+ Ke5 41. Nc2 Kd5 42. Ne1 Bxh2 43. Ng2 Bf4+ 44. Ke2 e3 45. Ne1 Kc4 46. Nd3 Kb3 47. Nc5+ Kb4 48. Nxa6+ Kxa4 49. Nc5+ Kb4 50. Nd3+ Kc3 51. Ne1 h4 52. Nf3 h3 0-1

[Event "London CC-ch B"]
[Site "London CAN"]
[Date "2009.05.21"]
[Round "10"]
[White "Fox, Douglas"]
[Black "Armstrong, Donnelle"]
[Result "0-1"]
[WhiteElo "1391"]
[BlackElo "1528"]
[PlyCount "42"]
[GameId "2160767910231515"]
[EventDate "2009.03.19"]
[EventType "swiss"]
[EventRounds "13"]
[EventCountry "CAN"]
[SourceTitle "EXT 2022"]
[Source "ChessBase"]
[SourceDate "2021.10.06"]
[SourceVersion "1"]
[SourceVersionDate "2021.10.06"]
[SourceQuality "1"]

1. e4 d5 2. d4 dxe4 3. Nc3 Nf6 4. Be3 Bf5 5. h3 h6 6. Nge2 e6 7. Ng3 Bh7 8. Be2 Nbd7 9. f3 Nd5 10. Nxd5 exd5 11. fxe4 dxe4 12. O-O Bd6 13. Bf4 Nf6 14. Bc4 Bxf4 15. Rxf4 Qd6 16. Qd2 Rf8 17. Re1 O-O-O 18. c3 g5 19. Nf5 Qxf4 20. Qxf4 gxf4 21. Nxh6 Bg6 0-1

[Event "London CC-ch B"]
[Site "London CAN"]
[Date "2009.05.21"]
[Round "10"]
[White "Gibson, Brian"]
[Black "Killi, Steve"]
[Result "0-1"]
[WhiteElo "1012"]
[BlackElo "1238"]
[PlyCount "74"]
[GameId "2160767910231516"]
[EventDate "2009.03.19"]
[EventType "swiss"]
[EventRounds "13"]
[EventCountry "CAN"]
[SourceTitle "EXT 2022"]
[Source "ChessBase"]
[SourceDate "2021.10.06"]
[SourceVersion "1"]
[SourceVersionDate "2021.10.06"]
[SourceQuality "1"]

1. e4 c6 2. d4 d5 3. exd5 cxd5 4. Nf3 Bg4 5. Bb5+ Nd7 6. O-O Ngf6 7. h3 Bh5 8. Re1 e6 9. Bf4 Qb6 10. Qd3 Bd6 11. Ne5 Qc7 12. Bxd7+ Nxd7 13. Nd2 O-O 14. c4 Nxe5 15. dxe5 Be7 16. cxd5 Qb6 17. Nc4 Qb5 18. d6 Rfd8 19. a4 Qc5 20. Be3 Qc6 21. b4 Bf8 22. b5 Qd7 23. Rac1 f6 24. b6 a6 25. exf6 Bxd6 26. f7+ Bxf7 27. Bg5 Bh2+ 28. Kxh2 Qxd3 29. Bxd8 Qxd8 30. Rcd1 Qg5 31. Rd7 Qf4+ 32. Kg1 Qxc4 33. Red1 g6 34. Rxb7 Qxa4 35. Rd6 Qa1+ 36. Kh2 Qe5+ 37. g3 Qxd6 0-1

[Event "London CC-ch B"]
[Site "London CAN"]
[Date "2009.05.21"]
[Round "10"]
[White "Miettinen, Eric"]
[Black "Merrick, Lee"]
[Result "1/2-1/2"]
[WhiteElo "1749"]
[BlackElo "1492"]
[PlyCount "56"]
[GameId "2160767910231517"]
[EventDate "2009.03.19"]
[EventType "swiss"]
[EventRounds "13"]
[EventCountry "CAN"]
[SourceTitle "EXT 2022"]
[Source "ChessBase"]
[SourceDate "2021.10.06"]
[SourceVersion "1"]
[SourceVersionDate "2021.10.06"]
[SourceQuality "1"]

1. c4 b6 2. Nc3 Nf6 3. e4 Bb7 4. d3 e6 5. g3 Bb4 6. Nge2 c6 7. Bg2 d5 8. exd5 cxd5 9. O-O O-O 10. a3 Be7 11. Bf4 Na6 12. Rc1 Qd7 13. Nb5 dxc4 14. Bxb7 Qxb7 15. dxc4 Rfd8 16. Qc2 Ne4 17. Rfd1 Ng5 18. Bxg5 Bxg5 19. Rxd8+ Rxd8 20. Rd1 Rxd1+ 21. Qxd1 g6 22. b4 Bf6 23. Qd3 Kg7 24. Nec3 Nb8 25. Ne4 Be7 26. Qd4+ Kg8 27. Nf6+ Bxf6 28. Qxf6 Qd7 1/2-1/2

[Event "London CC-ch B"]
[Site "London CAN"]
[Date "2009.05.21"]
[Round "10"]
[White "Morgan, Bryan"]
[Black "Wong, Ming Jing"]
[Result "1-0"]
[WhiteElo "1562"]
[BlackElo "1692"]
[PlyCount "118"]
[GameId "2160767910231518"]
[EventDate "2009.03.19"]
[EventType "swiss"]
[EventRounds "13"]
[EventCountry "CAN"]
[SourceTitle "EXT 2022"]
[Source "ChessBase"]
[SourceDate "2021.10.06"]
[SourceVersion "1"]
[SourceVersionDate "2021.10.06"]
[SourceQuality "1"]

1. e4 c5 2. Bc4 e6 3. Nc3 Nc6 4. Nf3 g6 5. d3 Bg7 6. O-O Nge7 7. Be3 b6 8. Qd2 O-O 9. Bh6 f5 10. Bxg7 Kxg7 11. Ne2 Bb7 12. Nf4 Na5 13. Bxe6 Rf6 14. Bd5 fxe4 15. dxe4 Qc7 16. Bxb7 Nxb7 17. Nd5 Nxd5 18. Qxd5 Re8 19. e5 Rf5 20. Qd3 Na5 21. Rad1 Re7 22. Qc3 Kg8 23. Rfe1 Nc6 24. Qb3+ Kg7 25. e6 Rxe6 26. Rxe6 dxe6 27. Qxe6 Rf7 28. Ng5 Re7 29. Qh3 Qe5 30. Qc3 Qxc3 31. bxc3 Kf6 32. Nf3 Ke6 33. Kf1 Rd7 34. Ng5+ Ke7 35. Rxd7+ Kxd7 36. Nxh7 Ne7 37. Ke2 Ke6 38. Ng5+ Kf5 39. Nf3 Nd5 40. Kd2 c4 41. Nd4+ Kf4 42. h3 Kg5 43. g3 Kf6 44. f4 g5 45. fxg5+ Kxg5 46. a4 a5 47. Ne6+ Kf5 48. Ng7+ Ke4 49. h4 Kf3 50. h5 Kxg3 51. h6 Nf6 52. Ke3 Kg4 53. Kd4 Kg5 54. Ne6+ Kxh6 55. Kxc4 Kg6 56. Kb5 Kf7 57. Nd8+ Ke8 58. Nc6 Nd5 59. Kc4 Nc7 1-0

[Event "London CC-ch B"]
[Site "London CAN"]
[Date "2009.05.22"]
[Round "10"]
[White "Glew, Richard"]
[Black "Fang, Tina"]
[Result "1-0"]
[WhiteElo "1738"]
[BlackElo "1378"]
[PlyCount "57"]
[GameId "2160767910231522"]
[EventDate "2009.03.19"]
[EventType "swiss"]
[EventRounds "13"]
[EventCountry "CAN"]
[SourceTitle "EXT 2022"]
[Source "ChessBase"]
[SourceDate "2021.10.06"]
[SourceVersion "1"]
[SourceVersionDate "2021.10.06"]
[SourceQuality "1"]

1. e4 c5 2. Nf3 e6 3. d4 cxd4 4. Nxd4 Nc6 5. Nxc6 bxc6 6. c4 Qc7 7. Nc3 Nf6 8. a3 Bb7 9. g3 d5 10. exd5 cxd5 11. Bf4 e5 12. Qe2 dxc4 13. Bxe5 Qe7 14. Rg1 Nd7 15. Bd4 a6 16. Qxe7+ Kxe7 17. Bxc4 Rc8 18. Bb3 Kd8 19. Bxf7 Nc5 20. O-O-O Kc7 21. Kb1 Bd6 22. Bxg7 Rhd8 23. Bd5 Rb8 24. Rge1 Kc8 25. Be5 Bxd5 26. Rxd5 Bxe5 27. Rexe5 Nd7 28. Re7 Nf6 29. Rc5# 1-0

[Event "London CC-ch B"]
[Site "London CAN"]
[Date "2009.05.28"]
[Round "11"]
[White "Armstrong, Donnelle"]
[Black "Fang, Tina"]
[Result "1/2-1/2"]
[WhiteElo "1528"]
[BlackElo "1378"]
[PlyCount "120"]
[GameId "2160767910231524"]
[EventDate "2009.03.19"]
[EventType "swiss"]
[EventRounds "13"]
[EventCountry "CAN"]
[SourceTitle "EXT 2022"]
[Source "ChessBase"]
[SourceDate "2021.10.06"]
[SourceVersion "1"]
[SourceVersionDate "2021.10.06"]
[SourceQuality "1"]

1. e4 c5 2. Nf3 Nc6 3. c3 d5 4. exd5 Qxd5 5. d4 cxd4 6. cxd4 Nf6 7. Nc3 Qa5 8. Bd2 Bg4 9. Bd3 Nxd4 10. Be2 Bxf3 11. Bxf3 Qf5 12. Bxb7 Qe5+ 13. Be3 Rd8 14. O-O Qc7 15. Qa4+ Rd7 16. Ba6 Qc6 17. Bxd4 Qxa4 18. Nxa4 Rxd4 19. Bb5+ Kd8 20. Rfd1 Rd5 21. Bc6 Rd6 22. Nc5 Kc7 23. Ba4 e6 24. Rxd6 Bxd6 25. Rc1 Kb6 26. Nd3 Rd8 27. Kf1 Ne4 28. Ke2 h5 29. f3 Nc5 30. Nxc5 Bxc5 31. a3 Bd6 32. g3 Ka5 33. Bc2 Rb8 34. b4+ Kb5 35. Be4 Ka4 36. Rc6 Rb6 37. Rc3 Be5 38. Bc6+ Rxc6 39. Rxc6 Kxa3 40. b5 Kb4 41. b6 axb6 42. Rxb6+ Kc5 43. Rb7 f5 44. f4 Bf6 45. Kd3 e5 46. fxe5 Bxe5 47. Ra7 Kd5 48. Ra5+ Ke6 49. Kc4 f4 50. gxf4 Bxf4 51. Rxh5 g5 52. Kd4 Kf5 53. Kd5 Kg4 54. Rh8 Kf3 55. Kd4 g4 56. h4 g3 57. Rg8 g2 58. Rxg2 Kxg2 59. Ke4 Kg3 60. h5 Kg4 1/2-1/2

[Event "London CC-ch B"]
[Site "London CAN"]
[Date "2009.05.28"]
[Round "11"]
[White "Killi, Steve"]
[Black "Miettinen, Eric"]
[Result "0-1"]
[WhiteElo "1238"]
[BlackElo "1749"]
[PlyCount "80"]
[GameId "2160767910231530"]
[EventDate "2009.03.19"]
[EventType "swiss"]
[EventRounds "13"]
[EventCountry "CAN"]
[SourceTitle "EXT 2022"]
[Source "ChessBase"]
[SourceDate "2021.10.06"]
[SourceVersion "1"]
[SourceVersionDate "2021.10.06"]
[SourceQuality "1"]

1. g3 c5 2. c4 g6 3. Bg2 Bg7 4. d3 Nc6 5. Nf3 e5 6. Qc2 Nge7 7. Nc3 O-O 8. O-O d6 9. Rb1 h6 10. b3 Be6 11. Bb2 Qd7 12. Rfe1 Bg4 13. Bc1 Bxf3 14. Bxf3 Nd4 15. Qb2 Nxf3+ 16. exf3 d5 17. Qe2 Rae8 18. Na4 b6 19. Bd2 Nc6 20. Nc3 Nd4 21. Qd1 dxc4 22. dxc4 Qf5 23. Kg2 h5 24. Nd5 e4 25. f4 Nf3 26. Ne3 Nxe1+ 27. Bxe1 Qc8 28. b4 Rd8 29. Nd5 Rfe8 30. bxc5 Qxc5 31. Qc2 Rxd5 32. Rb5 Qc6 33. Rxd5 e3 34. Qe2 exf2 35. Qxf2 Qxc4 36. Rd2 Qe4+ 37. Kh3 Qxe1 38. Qg2 Qe6+ 39. g4 hxg4+ 40. Qxg4 Qe3+ 0-1

[Event "London CC-ch B"]
[Site "London CAN"]
[Date "2009.05.28"]
[Round "11"]
[White "Merrick, Lee"]
[Black "Glew, Richard"]
[Result "1/2-1/2"]
[WhiteElo "1492"]
[BlackElo "1738"]
[PlyCount "104"]
[GameId "2160767910231531"]
[EventDate "2009.03.19"]
[EventType "swiss"]
[EventRounds "13"]
[EventCountry "CAN"]
[SourceTitle "EXT 2022"]
[Source "ChessBase"]
[SourceDate "2021.10.06"]
[SourceVersion "1"]
[SourceVersionDate "2021.10.06"]
[SourceQuality "1"]

1. d4 d5 2. c4 Nc6 3. cxd5 Qxd5 4. Nf3 Bg4 5. e3 e5 6. Nc3 Bb4 7. Be2 exd4 8. O-O Qa5 9. Nxd4 Bxe2 10. Ncxe2 Nge7 11. Nb3 Qh5 12. Nf4 Qxd1 13. Rxd1 O-O 14. a3 Bd6 15. e4 Rad8 16. Be3 Be5 17. Nd3 Bf6 18. Nbc5 b6 19. Na4 Rd7 20. Rd2 Rfd8 21. Rad1 Ng6 22. Nf4 Rxd2 23. Rxd2 Rxd2 24. Bxd2 b5 25. Nc3 Nd4 26. Nxg6 hxg6 27. Kf1 a6 28. Nd5 Bd8 29. Bc3 c5 30. Bxd4 cxd4 31. Ke2 f5 32. Kd3 Kf7 33. Kxd4 Ke6 34. Nf4+ Kf6 35. e5+ Kf7 36. Kd5 g5 37. e6+ Ke7 38. Ng6+ Kf6 39. Ne5 Bc7 40. Nc6 f4 41. Nb4 a5 42. Nc6 g6 43. b4 axb4 44. axb4 g4 45. Na7 Bb6 46. Nxb5 Bxf2 47. Kd6 Be1 48. Kd7 Bxb4 49. Nd4 Bc5 50. Ne2 f3 51. gxf3 gxf3 52. Ng3 Bb4 1/2-1/2

[Event "London CC-ch B"]
[Site "London CAN"]
[Date "2009.05.28"]
[Round "11"]
[White "Morgan, Bryan"]
[Black "Ortiz, Hugo"]
[Result "1/2-1/2"]
[WhiteElo "1562"]
[BlackElo "1550"]
[PlyCount "75"]
[GameId "2160767910231533"]
[EventDate "2009.03.19"]
[EventType "swiss"]
[EventRounds "13"]
[EventCountry "CAN"]
[SourceTitle "EXT 2022"]
[Source "ChessBase"]
[SourceDate "2021.10.06"]
[SourceVersion "1"]
[SourceVersionDate "2021.10.06"]
[SourceQuality "1"]

1. e4 c6 2. d4 d5 3. e5 Bf5 4. Nf3 e6 5. Nc3 Ne7 6. Bg5 h6 7. Bh4 Qb6 8. Na4 Qc7 9. Be2 Nd7 10. Bg3 Bh7 11. O-O Nf5 12. Bf4 c5 13. c3 a6 14. b3 b5 15. Nb2 c4 16. bxc4 bxc4 17. Qd2 Be7 18. Nd1 O-O 19. Ne3 Rab8 20. Nxf5 Bxf5 21. Qc1 Qa5 22. a4 Rb3 23. Bd1 Rxc3 24. Qd2 Bb4 25. Qa2 Ra3 26. Qb2 Rxa1 27. Qxa1 Bd3 28. Qc1 Bxf1 29. Kxf1 Rb8 30. Bxh6 gxh6 31. Qxh6 Bf8 32. Qh5 Be7 33. Bc2 Nf8 34. Ng5 Bxg5 35. Qxg5+ Ng6 36. Bxg6 Qd8 37. Bxf7+ Kxf7 38. Qh5+ 1/2-1/2

[Event "London CC-ch B"]
[Site "London CAN"]
[Date "2009.06.02"]
[Round "11"]
[White "Bennett MacDonald, Joshua"]
[Black "Augustine, Steve"]
[Result "1-0"]
[WhiteElo "1128"]
[BlackElo "1163"]
[PlyCount "47"]
[GameId "2160767910231534"]
[EventDate "2009.03.19"]
[EventType "swiss"]
[EventRounds "13"]
[EventCountry "CAN"]
[SourceTitle "EXT 2022"]
[Source "ChessBase"]
[SourceDate "2021.10.06"]
[SourceVersion "1"]
[SourceVersionDate "2021.10.06"]
[SourceQuality "1"]

1. e4 e5 2. Nf3 Nc6 3. Bb5 a6 4. Ba4 Nf6 5. O-O b5 6. Bb3 Nxe4 7. d4 g6 8. Re1 Nf6 9. dxe5 Nh5 10. Bg5 Be7 11. Qd2 O-O 12. Nc3 Bb7 13. Nd5 f6 14. Nxe7+ Kg7 15. exf6+ Nxf6 16. Bh6+ Kh8 17. Bxf8 Qxf8 18. Nxc6 dxc6 19. Ng5 Rd8 20. Nf7+ Kg7 21. Qh6+ Kg8 22. Nxd8+ Kh8 23. Qxf8+ Ng8 24. Qxg8# 1-0

[Event "London CC-ch B"]
[Site "London CAN"]
[Date "2009.06.03"]
[Round "12"]
[White "Morgan, Bryan"]
[Black "Dandridge, Tony"]
[Result "1/2-1/2"]
[WhiteElo "1562"]
[BlackElo "1226"]
[PlyCount "98"]
[GameId "2160767910231538"]
[EventDate "2009.03.19"]
[EventType "swiss"]
[EventRounds "13"]
[EventCountry "CAN"]
[SourceTitle "EXT 2022"]
[Source "ChessBase"]
[SourceDate "2021.10.06"]
[SourceVersion "1"]
[SourceVersionDate "2021.10.06"]
[SourceQuality "1"]

1. e4 e5 2. Nf3 Nc6 3. Bc4 Bc5 4. Nc3 Nf6 5. d3 h6 6. O-O d6 7. h3 Bd7 8. Nd5 Nd4 9. Nxd4 Bxd4 10. c3 Bb6 11. Qf3 Rg8 12. Be3 Nxd5 13. Bxd5 Be6 14. Bxb7 Rb8 15. Bc6+ Bd7 16. Bd5 Be6 17. Bxe6 fxe6 18. Qh5+ Ke7 19. Rab1 Qe8 20. Qh4+ Kd7 21. Bxb6 axb6 22. f4 exf4 23. Qxf4 Rf8 24. Qg4 Qe7 25. d4 Rxf1+ 26. Rxf1 Rf8 27. Rxf8 Qxf8 28. d5 Qf7 29. dxe6+ Qxe6 30. Qxg7+ Kc6 31. b3 Qxe4 32. Qxh6 Qe1+ 33. Kh2 Qxc3 34. Qe6 b5 35. h4 Qd2 36. a4 bxa4 37. Qc4+ Kb6 38. bxa4 d5 39. Qb5+ Ka7 40. a5 Qf4+ 41. g3 Qf2+ 42. Kh3 Qf5+ 43. Kg2 Qc2+ 44. Kf1 d4 45. a6 Qd1+ 46. Kf2 Qc2+ 47. Kf3 Qd1+ 48. Kg2 Qc2+ 49. Kf1 Qd1+ 1/2-1/2

[Event "London CC-ch B"]
[Site "London CAN"]
[Date "2009.06.04"]
[Round "12"]
[White "Glew, Richard"]
[Black "Hong, Emilio"]
[Result "1-0"]
[WhiteElo "1738"]
[BlackElo "1486"]
[PlyCount "45"]
[GameId "2160767910231542"]
[EventDate "2009.03.19"]
[EventType "swiss"]
[EventRounds "13"]
[EventCountry "CAN"]
[SourceTitle "EXT 2022"]
[Source "ChessBase"]
[SourceDate "2021.10.06"]
[SourceVersion "1"]
[SourceVersionDate "2021.10.06"]
[SourceQuality "1"]

1. e4 c5 2. Nf3 Nc6 3. d4 cxd4 4. Nxd4 g6 5. Bc4 Bg7 6. Be3 Nf6 7. Nc3 e6 8. f3 d6 9. Qd2 a6 10. Nxc6 bxc6 11. Bh6 O-O 12. h4 d5 13. O-O-O Rb8 14. Bb3 Qa5 15. Bxg7 Kxg7 16. h5 Qb4 17. hxg6 fxg6 18. Qh6+ Kf7 19. e5 Nd7 20. Qxh7+ Ke8 21. Qxg6+ Kd8 22. Qxe6 Bb7 23. Rh7 1-0

[Event "London CC-ch B"]
[Site "London CAN"]
[Date "2009.06.04"]
[Round "12"]
[White "Ortiz, Hugo"]
[Black "Armstrong, Donnelle"]
[Result "1-0"]
[WhiteElo "1550"]
[BlackElo "1528"]
[PlyCount "67"]
[GameId "2160767910231543"]
[EventDate "2009.03.19"]
[EventType "swiss"]
[EventRounds "13"]
[EventCountry "CAN"]
[SourceTitle "EXT 2022"]
[Source "ChessBase"]
[SourceDate "2021.10.06"]
[SourceVersion "1"]
[SourceVersionDate "2021.10.06"]
[SourceQuality "1"]

1. d4 Nf6 2. c4 c5 3. d5 b5 4. e3 Bb7 5. Nf3 g6 6. Be2 d6 7. b3 Bg7 8. Bb2 b4 9. Nbd2 Nbd7 10. O-O O-O 11. Re1 Re8 12. Qc2 a5 13. Bd3 e6 14. e4 exd5 15. exd5 Qc7 16. Ne4 Ne5 17. Nxe5 dxe5 18. Nxf6+ Bxf6 19. Rad1 Ra6 20. f4 Bc8 21. fxe5 Bxe5 22. Bxe5 Rxe5 23. Qf2 f6 24. Rxe5 fxe5 25. Rf1 Kg7 26. Qe3 Rf6 27. Re1 Kf7 28. Qxe5 Qxe5 29. Rxe5 Bf5 30. Bxf5 gxf5 31. Kf2 Kg6 32. Re7 Ra6 33. Rc7 a4 34. Rc6+ 1-0

[Event "London CC-ch B"]
[Site "London CAN"]
[Date "2009.06.04"]
[Round "12"]
[White "Quan, Franco"]
[Black "Fox, Douglas"]
[Result "0-1"]
[WhiteElo "1202"]
[BlackElo "1391"]
[PlyCount "46"]
[GameId "2160767910231544"]
[EventDate "2009.03.19"]
[EventType "swiss"]
[EventRounds "13"]
[EventCountry "CAN"]
[SourceTitle "EXT 2022"]
[Source "ChessBase"]
[SourceDate "2021.10.06"]
[SourceVersion "1"]
[SourceVersionDate "2021.10.06"]
[SourceQuality "1"]

1. e4 e5 2. Nf3 Nc6 3. Bc4 Nf6 4. Ng5 d5 5. exd5 Nxd5 6. d3 Be7 7. Bxd5 Qxd5 8. O-O O-O 9. Nc3 Qd8 10. Nf3 Bg4 11. h3 Bh5 12. Ne4 Nd4 13. Ng3 Bxf3 14. gxf3 Qd5 15. Ne4 f5 16. c4 Qd7 17. Ng3 f4 18. Ne4 Qxh3 19. Nd2 Rf5 20. Ne4 Nxf3+ 21. Qxf3 Qxf3 22. Bd2 Qg4+ 23. Kh1 Rh5# 0-1

[Event "London CC-ch B"]
[Site "London CAN"]
[Date "2009.06.10"]
[Round "13"]
[White "Hong, Emilio"]
[Black "Dutton, Don"]
[Result "1-0"]
[WhiteElo "1486"]
[BlackElo "852"]
[PlyCount "53"]
[GameId "2160767910231547"]
[EventDate "2009.03.19"]
[EventType "swiss"]
[EventRounds "13"]
[EventCountry "CAN"]
[SourceTitle "EXT 2022"]
[Source "ChessBase"]
[SourceDate "2021.10.06"]
[SourceVersion "1"]
[SourceVersionDate "2021.10.06"]
[SourceQuality "1"]

1. e4 e5 2. Nf3 Nc6 3. Bc4 Qe7 4. d3 Nh6 5. Nc3 Qc5 6. Be3 Qd6 7. Nb5 Qb4+ 8. Bd2 Qc5 9. Nxc7+ Kd8 10. Nxa8 Ke8 11. Nc7+ Kd8 12. Nd5 Ng4 13. O-O h6 14. Nd4 exd4 15. Qxg4 Ne5 16. Qh4+ Ke8 17. b4 Qd6 18. Bf4 f6 19. Qh5+ Kd8 20. Bxe5 fxe5 21. f4 exf4 22. Rxf4 b6 23. Raf1 g6 24. e5 gxh5 25. exd6 Bxd6 26. Rf6 Ke8 27. Rxd6 1-0

[Event "London CC-ch B"]
[Site "London CAN"]
[Date "2009.06.10"]
[Round "13"]
[White "Killi, Steve"]
[Black "Glew, Richard"]
[Result "0-1"]
[WhiteElo "1238"]
[BlackElo "1738"]
[PlyCount "57"]
[GameId "2160767910231548"]
[EventDate "2009.03.19"]
[EventType "swiss"]
[EventRounds "13"]
[EventCountry "CAN"]
[SourceTitle "EXT 2022"]
[Source "ChessBase"]
[SourceDate "2021.10.06"]
[SourceVersion "1"]
[SourceVersionDate "2021.10.06"]
[SourceQuality "1"]

1. g3 d5 2. Bg2 g6 3. d3 Bg7 4. Bd2 Bxb2 5. Nc3 Bxa1 6. Qxa1 d4 7. Nb5 c5 8. Bf4 Qa5+ 9. c3 Qxb5 10. cxd4 cxd4 11. Nf3 Nc6 12. O-O Nf6 13. a3 Qh5 14. Qa2 O-O 15. Re1 e5 16. Bg5 Be6 17. Qb2 e4 18. Bxf6 exf3 19. Bxf3 Qf5 20. Bh4 Bd5 21. g4 Qd7 22. Bxd5 Qxd5 23. Qxb7 Rab8 24. Qc7 Rb2 25. Qf4 Rfb8 26. f3 Rb1 27. Qh6 Rxe1+ 28. Kf2 Qe5 29. Qd2 0-1

[Event "London CC-ch B"]
[Site "London CAN"]
[Date "2009.06.10"]
[Round "13"]
[White "Miettinen, Eric"]
[Black "Wong, Ming Jing"]
[Result "1/2-1/2"]
[WhiteElo "1749"]
[BlackElo "1692"]
[PlyCount "27"]
[GameId "2160767910231549"]
[EventDate "2009.03.19"]
[EventType "swiss"]
[EventRounds "13"]
[EventCountry "CAN"]
[SourceTitle "EXT 2022"]
[Source "ChessBase"]
[SourceDate "2021.10.06"]
[SourceVersion "1"]
[SourceVersionDate "2021.10.06"]
[SourceQuality "1"]

1. c4 e5 2. g3 Nf6 3. Bg2 d5 4. cxd5 Nxd5 5. Nf3 Nc6 6. O-O Bc5 7. d3 O-O 8. a3 Bg4 9. b4 Bd6 10. Bb2 a6 11. Nbd2 Qd7 12. Rc1 Bh3 13. Ne4 Bxg2 14. Kxg2 1/2-1/2

[Event "London CC-ch B"]
[Site "London CAN"]
[Date "2009.06.11"]
[Round "13"]
[White "Augustine, Steve"]
[Black "Gibson, Brian"]
[Result "0-1"]
[WhiteElo "1163"]
[BlackElo "1012"]
[PlyCount "30"]
[GameId "2160767910231550"]
[EventDate "2009.03.19"]
[EventType "swiss"]
[EventRounds "13"]
[EventCountry "CAN"]
[SourceTitle "EXT 2022"]
[Source "ChessBase"]
[SourceDate "2021.10.06"]
[SourceVersion "1"]
[SourceVersionDate "2021.10.06"]
[SourceQuality "1"]

1. e4 e5 2. Nc3 Nf6 3. Nf3 Bc5 4. Nxe5 d6 5. Nc4 Nc6 6. Be2 Be6 7. O-O O-O 8. d3 Qd7 9. Bf3 Bg4 10. Na4 Bxf3 11. gxf3 Qh3 12. Nxc5 dxc5 13. Be3 Nd4 14. Na5 Nxf3+ 15. Kh1 Qxh2# 0-1

[Event "London CC-ch B"]
[Site "London CAN"]
[Date "2009.06.19"]
[Round "13"]
[White "Merrick, Lee"]
[Black "Morgan, Bryan"]
[Result "1-0"]
[WhiteElo "1492"]
[BlackElo "1562"]
[PlyCount "131"]
[GameId "2160767910231555"]
[EventDate "2009.03.19"]
[EventType "swiss"]
[EventRounds "13"]
[EventCountry "CAN"]
[SourceTitle "EXT 2022"]
[Source "ChessBase"]
[SourceDate "2021.10.06"]
[SourceVersion "1"]
[SourceVersionDate "2021.10.06"]
[SourceQuality "1"]

1. d4 d5 2. c4 c6 3. Nf3 Bf5 4. cxd5 cxd5 5. Qb3 b6 6. Nc3 Nf6 7. Bg5 Nbd7 8. Nxd5 Nxd5 9. Qxd5 e6 10. Qb5 f6 11. Bd2 a6 12. Qb3 Bd6 13. Nh4 Qe7 14. Nxf5 exf5 15. Rc1 Qf7 16. Qxf7+ Kxf7 17. e3 b5 18. Bd3 g6 19. O-O h5 20. Rc6 Ke7 21. Rfc1 Rhd8 22. Ba5 Rg8 23. Be2 h4 24. Bf3 g5 25. Bc7 Bxc7 26. Rxc7 Rab8 27. Kf1 g4 28. Bc6 Rbd8 29. Ra7 h3 30. g3 Rg7 31. d5 Kf8 32. Rxa6 Ne5 33. Bxb5 Nf3 34. Rxf6+ Rf7 35. Rxf7+ Kxf7 36. Rc7+ Kf6 37. Rc6+ Ke5 38. d6 Nxh2+ 39. Kg1 Nf3+ 40. Kh1 Kd5 41. a4 Ne1 42. a5 Nd3 43. a6 Nxf2+ 44. Kh2 Ne4 45. d7 Rxd7 46. Rc1 Ra7 47. Bc6+ Ke5 48. Bb5 Nd6 49. Bf1 Ke4 50. Rc3 Nf7 51. b4 Nd6 52. b5 Nxb5 53. Bxb5 Kd5 54. Rc6 Ke4 55. Rb6 Kxe3 56. Rb7 Ra8 57. a7 f4 58. Re7+ Kf2 59. gxf4 g3+ 60. Kxh3 Rh8+ 61. Kg4 g2 62. Re2+ Kg1 63. Re1+ Kf2 64. Bc6 Rg8+ 65. Kh3 Rh8+ 66. Kg4 1-0

[Event "Maisonneuve mem op"]
[Site "Gatineau CAN"]
[Date "2009.10.13"]
[Round "1"]
[White "Arsenault, Yves"]
[Black "Guimond, Michel"]
[Result "1/2-1/2"]
[WhiteElo "1450"]
[BlackElo "1960"]
[PlyCount "149"]
[GameId "2160767910096362"]
[EventDate "2009.10.13"]
[EventType "swiss"]
[EventRounds "5"]
[EventCountry "CAN"]
[SourceTitle "EXT 2011"]
[Source "ChessBase"]
[SourceDate "2011.11.26"]
[SourceVersion "1"]
[SourceVersionDate "2011.11.26"]
[SourceQuality "1"]

1. e4 e6 2. d4 d5 3. Nd2 Nf6 4. e5 Ng8 5. Ngf3 c5 6. c3 Nc6 7. Nb3 c4 8. Nbd2 g5 9. h3 h6 10. b3 b5 11. Be2 Bd7 12. Nh2 Qa5 13. b4 Bxb4 14. cxb4 Qxb4 15. Rb1 Qa5 16. Nhf3 Qxa2 17. Rxb5 Nxe5 18. Rb2 Nxf3+ 19. Nxf3 Qa5+ 20. Kf1 Nf6 21. Ne5 Ba4 22. Ra2 Bxd1 23. Rxa5 Bxe2+ 24. Kxe2 O-O 25. Nc6 a6 26. Ba3 Rfe8 27. f3 Kg7 28. Rb1 Rec8 29. Rb6 Nd7 30. Rbxa6 Rxa6 31. Rxa6 Nb8 32. Nxb8 Rxb8 33. Kd2 Rb1 34. Bc1 Rb7 35. Kc2 Rb8 36. Ba3 h5 37. Ra7 Kg6 38. Bd6 Re8 39. f4 gxf4 40. Bxf4 f6 41. Ra6 Kf5 42. Bg3 Rg8 43. Ra3 Ke4 44. Rf3 Kxd4 45. Bf2+ Ke5 46. Bg3+ Ke4 47. Rf4+ Ke3 48. Rf3+ Ke4 49. Rf4+ Ke3 50. Rf3+ Kd4 51. Bf2+ Ke4 52. Re3+ Kf5 53. Rf3+ Kg6 54. Bh4 Rf8 55. Kc3 e5 56. Kb4 e4 57. Rf1 f5 58. Kc5 c3 59. Kxd5 c2 60. Rc1 Rc8 61. Ke5 Rc3 62. Kd4 Rd3+ 63. Ke5 Rd2 64. g4 fxg4 65. hxg4 Re2 66. gxh5+ Kxh5 67. Bg3 Kg4 68. Bf4 Kf3 69. Rf1+ Kg2 70. Rc1 Kf2 71. Kd4 e3 72. Kc3 Kf3 73. Bg5 Kf2 74. Kd3 Rd2+ 75. Kc3 1/2-1/2